| 000 | 00380 a2200121 4500 | ||
|---|---|---|---|
| 001 | ART_14756 | ||
| 005 | 20260410161913.0 | ||
| 008 | 260409a | ||
| 245 | 1 | 0 | _aPricing policies for a two-part exhaustible resource cartel |
| 100 | 1 | _aPindyck, Robert S. | |
| 700 | 1 | _aHnyilicza, E. | |
| 773 | 0 |
_tEuropean economic review _g- Vol. 8, NÂș 2 (ago. 1976) _wREV13346 |
|
| 999 |
_c27017 _d27017 |
||